Nuôi thỏ và chế biến sản phẩm ở gia đình
Sách giới thiệu một số giống thỏ được nuôi phổ biến ở Việt Nam; những đặc điểm sinh lý của thỏ; kỹ thuật chăn nuôi thỏ; vệ sinh phòng bệnh và một số bệnh thường xảy ra ở thỏ. Ngoài ra, sách còn đề cập đến cách sử dụng và chế b...
Gorde:
| Egile nagusia: | |
|---|---|
| Formatua: | Liburua |
| Hizkuntza: | Undetermined |
| Argitaratua: |
Hà Nội
Nông Nghiệp
1999
|
| Gaiak: | |
| Etiketak: |
Etiketa erantsi
Etiketarik gabe, Izan zaitez lehena erregistro honi etiketa jartzen!
|
| Thư viện lưu trữ: | Trung tâm Học liệu Trường Đại học Cần Thơ |
|---|
| LEADER | 01007nam a2200193Ia 4500 | ||
|---|---|---|---|
| 001 | CTU_32890 | ||
| 008 | 210402s9999 xx 000 0 und d | ||
| 082 | |a 636.9322 | ||
| 082 | |b B312 | ||
| 100 | |a Đinh, Văn Bình | ||
| 245 | 0 | |a Nuôi thỏ và chế biến sản phẩm ở gia đình | |
| 245 | 0 | |c Đinh Văn Bình, Nguyễn Quang Sức | |
| 260 | |a Hà Nội | ||
| 260 | |b Nông Nghiệp | ||
| 260 | |c 1999 | ||
| 520 | |a Sách giới thiệu một số giống thỏ được nuôi phổ biến ở Việt Nam; những đặc điểm sinh lý của thỏ; kỹ thuật chăn nuôi thỏ; vệ sinh phòng bệnh và một số bệnh thường xảy ra ở thỏ. Ngoài ra, sách còn đề cập đến cách sử dụng và chế biến các sản phẩm của thỏ ở gia đình | ||
| 650 | |a Rabbit meat,Rabbits | ||
| 904 | |i Qhieu | ||
| 980 | |a Trung tâm Học liệu Trường Đại học Cần Thơ | ||